[Event "British Rapidplay"]
[Site "Peterborough"]
[Date "2025.03.01"]
[Round "5"]
[White "Calvert, George"]
[Black "Bin Suhayl, Yousuf"]
[Result "1/2-1/2"]
[WhiteElo "1740"]
[BlackElo "1897"]
[PlyCount "184"]
[EventDate "2025.03.01"]
[EventType "swiss (rapid)"]
[EventRounds "11"]
[EventCountry "ENG"]
[SourceTitle "CB10_2025"]
[SourceDate "2025.03.05"]
[SourceVersion "1"]
[SourceVersionDate "2025.03.05"]
[SourceQuality "1"]

1. e4 e6 2. d4 d5 3. exd5 exd5 4. c4 Nf6 5. Nf3 Bg4 6. Nc3 Be7 7. Be2 Be6 8. 0-0 0-0 9. Ng5 c5 10. Bf3 cxd4 11. Qxd4 Nc6 12. Qh4 d4 13. Nce4 Bf5 14. Qg3 h6 15. Nxf6+ Bxf6 16. Ne4 Be5 17. Bf4 Bxf4 18. Qxf4 Be6 19. Nc5 Qb6 20. Bxc6 Qxc5 21. Bxb7 Rab8 22. b4 Qxc4 23. Bf3 Rxb4 24. a3 Rb3 25. Rac1 Qa4 26. Bd1 Qxa3 27. Bxb3 Qxb3 28. Qxd4 a6 29. Rc3 Qb7 30. Rg3 g6 31. Qh4 Kg7 32. f4 Bc4 33. Rc1 Qb6+ 34. Kh1 Qb2 35. Rgc3 Be6 36. R3c2 Qb4 37. Qg3 Kh7 38. Rc7 Qd2 39. Qa3 Rd8 40. Qxa6 Qxf4 41. Qf1 Qxf1+ 42. Rxf1 Kg7 43. h3 Rd2 44. Kh2 Bd5 45. Rg1 Rb2 46. Rd7 Be6 47. Rdd1 g5 48. Rb1 Rc2 49. Rbe1 Kg6 50. Re3 Bd5 51. Re5 Bb7 52. Rb5 Be4 53. Rb3 h5 54. Re3 Bb7 55. h4 gxh4 56. Kh3 Kg5 57. g4 Bc8 58. Re5+ Kg6 59. Rxh5 Bxg4+ 60. Rxg4+ Kxh5 61. Rxh4+ Kg5 62. Rg4+ Kf5 63. Rg1 Rc3+ 64. Kg2 Ke4 65. Re1+ Re3 66. Ra1 f5 67. Ra4+ Ke5 68. Ra5+ Kf4 69. Kf2 Rf3+ 70. Kg2 Kg4 71. Ra4+ Rf4 72. Ra3 Rb4 73. Rg3+ Kf4 74. Rf3+ Ke4 75. Rf2 Rb3 76. Re2+ Re3 77. Ra2 f4 78. Kf2 Rb3 79. Re2+ Kf5 80. Re8 Rb2+ 81. Kf3 Rb3+ 82. Kf2 Rg3 83. Rf8+ Ke4 84. Re8+ Kd3 85. Rd8+ Ke4 86. Re8+ Kf5 87. Rf8+ Kg4 88. Rg8+ Kh3 89. Rh8+ Kg4 90. Rg8+ Kh4 91. Rh8+ Kg5 92. Rg8+ Kh4 1/2-1/2

[Event "BCF-ch U14"]
[Site "Hull"]
[Date "2024.08.01"]
[Round "5"]
[White "Catabay, Mae Katelyn Rose"]
[Black "Calvert, George"]
[Result "1-0"]
[WhiteElo "1767"]
[BlackElo "1574"]
[PlyCount "33"]
[EventDate "2024.07.28"]
[EventType "swiss"]
[EventRounds "7"]
[EventCountry "ENG"]
[SourceTitle "EXT 2025"]
[Source "ChessBase"]
[SourceDate "2024.10.14"]
[SourceVersion "1"]
[SourceVersionDate "2024.10.14"]
[SourceQuality "1"]

1. e4 c5 2. Nf3 Nc6 3. d4 cxd4 4. Nxd4 e6 5. Be3 Nf6 6. Nd2 Qb6 7. Nxe6 Qxb2 8. Nc7+ Kd8 9. Nxa8 Bb4 10. Bd3 b6 11. 0-0 Bb7 12. Nxb6 axb6 13. Bxb6+ Ke8 14. Nc4 Qc3 15. a3 Be7 16. Rb1 Kf8 17. Rb3 1-0

[Event "BCF-ch U14"]
[Site "Hull"]
[Date "2024.07.30"]
[Round "3"]
[White "Calvert, George"]
[Black "Ratcliffe, James"]
[Result "1-0"]
[WhiteElo "1574"]
[BlackElo "1675"]
[PlyCount "41"]
[EventDate "2024.07.28"]
[EventType "swiss"]
[EventRounds "7"]
[EventCountry "ENG"]
[SourceTitle "EXT 2025"]
[Source "ChessBase"]
[SourceDate "2024.10.14"]
[SourceVersion "1"]
[SourceVersionDate "2024.10.14"]
[SourceQuality "1"]

1. e4 c5 2. Nf3 e6 3. d4 cxd4 4. Nxd4 Nc6 5. Be3 Nf6 6. Nc3 Bb4 7. Bd3 d5 8. Nxc6 bxc6 9. e5 Nd7 10. Qg4 Bf8 11. f4 g6 12. 0-0 Be7 13. Ne2 0-0 14. Nd4 Bb7 15. Rf3 c5 16. Nxe6 fxe6 17. Bxg6 Rf7 18. Bxf7+ Kxf7 19. f5 Nxe5 20. fxe6+ Ke8 21. Qg8+ 1-0

[Event "BCF-ch U14"]
[Site "Hull"]
[Date "2024.07.29"]
[Round "2"]
[White "Ding, Yihua"]
[Black "Calvert, George"]
[Result "0-1"]
[WhiteElo "1424"]
[BlackElo "1574"]
[PlyCount "120"]
[EventDate "2024.07.28"]
[EventType "swiss"]
[EventRounds "7"]
[EventCountry "ENG"]
[SourceTitle "EXT 2025"]
[Source "ChessBase"]
[SourceDate "2024.10.14"]
[SourceVersion "1"]
[SourceVersionDate "2024.10.14"]
[SourceQuality "1"]

1. d4 Nf6 2. c4 g6 3. Nc3 Bg7 4. Bg5 0-0 5. Nf3 d6 6. e3 Bg4 7. Be2 Nbd7 8. 0-0 c5 9. h3 Bxf3 10. Bxf3 Qb6 11. b3 e5 12. dxe5 Nxe5 13. Bxf6 Bxf6 14. Rc1 Nxf3+ 15. Qxf3 Bxc3 16. Rxc3 Kg7 17. Rd1 Rad8 18. Rcd3 Qa6 19. Qe2 d5 20. Qb2+ d4 21. exd4 Qf6 22. Qd2 cxd4 23. Rxd4 Rc8 24. Rd7 Qc6 25. Qd4+ Kg8 26. Qxa7 b5 27. R7d6 Qe8 28. cxb5 Qxb5 29. Qb6 Qe2 30. R6d2 Qe4 31. Qe3 Qb4 32. Qd4 Qa5 33. b4 Qb5 34. a3 Rc4 35. Qd5 Qa6 36. Qd3 Qc6 37. Qd6 Qa4 38. Qd3 Rfc8 39. Qf3 Rc3 40. Rd8+ Kg7 41. Qd5 Rxd8 42. Qxd8 Qxa3 43. Qa5 Qb3 44. Ra1 Rc4 45. Ra4 Qd1+ 46. Kh2 Rc1 47. Qe5+ Kh6 48. Qe3+ Kg7 49. Ra5 Qg1+ 50. Kg3 h5 51. b5 h4+ 52. Kxh4 Qxg2 53. Qe5+ Kh7 54. Qg3 g5+ 55. Kh5 Qd5 56. Qxg5 Qf3+ 57. Qg4 Rc5+ 58. Kh4 Qxf2+ 59. Qg3 Rc4+ 60. Kh5 Qxg3 0-1

[Event "BCF-ch U14"]
[Site "Hull"]
[Date "2024.07.28"]
[Round "1"]
[White "Calvert, George"]
[Black "De Silva, Sithun"]
[Result "0-1"]
[WhiteElo "1574"]
[BlackElo "1787"]
[PlyCount "114"]
[EventDate "2024.07.28"]
[EventType "swiss"]
[EventRounds "7"]
[EventCountry "ENG"]
[SourceTitle "EXT 2025"]
[Source "ChessBase"]
[SourceDate "2024.10.14"]
[SourceVersion "1"]
[SourceVersionDate "2024.10.14"]
[SourceQuality "1"]

1. e4 e6 2. d4 d5 3. e5 c5 4. Nf3 cxd4 5. Bb5+ Bd7 6. Bxd7+ Nxd7 7. 0-0 Rc8 8. Qd2 d3 9. Qxd3 Qb6 10. Qd4 Ne7 11. Qg4 Ng6 12. Nc3 Rc7 13. Re1 Rc4 14. Qh3 d4 15. Nd5 Qc5 16. Nf4 Nxf4 17. Bxf4 Rxc2 18. Rac1 d3 19. Ng5 Qxf2+ 20. Kh1 Qxf4 21. Rxc2 dxc2 22. Qc3 Qxg5 23. Qxc2 Bc5 24. Rd1 Qd8 25. Qa4 Qc7 26. Rc1 Qxe5 27. Qh4 0-0 28. h3 Qxb2 29. Rd1 Nf6 30. Qg5 Qf2 31. h4 h6 32. Qe5 Qxh4+ 33. Qh2 Qxh2+ 34. Kxh2 Ng4+ 35. Kg3 Ne3 36. Rc1 Rc8 37. Kh3 g5 38. g3 f5 39. a4 Kf7 40. a5 Kg6 41. a6 b5 42. Kh2 b4 43. Kh3 b3 44. Rb1 Rb8 45. Rc1 b2 46. Rb1 Nc4 47. g4 fxg4+ 48. Kh2 g3+ 49. Kh3 Nd2 50. Rxb2 Rxb2 51. Kg4 g2 52. Kh3 Ne4 53. Kh2 Bd6+ 54. Kh3 Be5 55. Kg4 g1Q+ 56. Kf3 Qg3+ 57. Kxe4 Rb4# 0-1

[Event "BCF-ch U16 rapid"]
[Site "Hull"]
[Date "2024.07.27"]
[Round "9"]
[White "Schweitzer, Zubin"]
[Black "Calvert, George"]
[Result "0-1"]
[WhiteElo "1764"]
[BlackElo "1536"]
[PlyCount "56"]
[EventDate "2024.07.26"]
[EventType "swiss (rapid)"]
[EventRounds "9"]
[EventCountry "ENG"]
[SourceTitle "CBM 221 Extra"]
[Source "ChessBase"]
[SourceDate "2024.09.30"]
[SourceVersion "1"]
[SourceVersionDate "2024.09.30"]
[SourceQuality "1"]

1. e4 c5 2. Nc3 Nc6 3. Bb5 e6 4. Bxc6 bxc6 5. f4 d5 6. d3 f5 7. e5 d4 8. Nb1 Ne7 9. Nf3 g6 10. 0-0 Bh6 11. Ng5 Bxg5 12. fxg5 0-0 13. c4 dxc3 14. bxc3 c4 15. d4 Qc7 16. Ba3 Rd8 17. Bd6 Rxd6 18. exd6 Qxd6 19. Nd2 Ba6 20. Qe2 c5 21. Nf3 Nd5 22. Rac1 cxd4 23. Nxd4 e5 24. Nf3 Re8 25. Rfe1 Nf4 26. Qd1 Nd3 27. Nd4 Rd8 28. Nf3 Qb6+ 0-1

[Event "BCF-ch U16 blitz"]
[Site "Hull"]
[Date "2024.07.25"]
[Round "9"]
[White "Calvert, George"]
[Black "Badacsonyi, Stanley Ethan Artie"]
[Result "0-1"]
[WhiteElo "1600"]
[BlackElo "2306"]
[PlyCount "128"]
[EventDate "2024.07.25"]
[EventType "swiss (blitz)"]
[EventRounds "9"]
[EventCountry "ENG"]
[SourceTitle "CBM 221 Extra"]
[Source "ChessBase"]
[SourceDate "2024.09.30"]
[SourceVersion "1"]
[SourceVersionDate "2024.09.30"]
[SourceQuality "1"]

1. e4 e6 2. d4 d5 3. e5 c5 4. c3 Nc6 5. Nf3 Bd7 6. Bd3 cxd4 7. cxd4 Qb6 8. Nc3 Nxd4 9. Nxd4 Qxd4 10. Qe2 a6 11. 0-0 Qb6 12. a3 Ne7 13. Bg5 h6 14. Bd2 Nc6 15. Kh1 Rc8 16. f4 Be7 17. f5 Na5 18. Qg4 Bf8 19. fxe6 Bxe6 20. Bf5 Bxf5 21. Qxf5 Qe6 22. Nxd5 Qxf5 23. Rxf5 Nb3 24. Rd1 Nxd2 25. h3 Ne4 26. Rf4 Ng5 27. Rfd4 Ne6 28. R4d2 Rd8 29. Nc7+ Ke7 30. Nd5+ Rxd5 31. Rxd5 Nf4 32. Rd7+ Ke6 33. Rxb7 Bc5 34. Rc7 Be3 35. Rc6+ Kf5 36. Rxa6 Rc8 37. Re1 Bd4 38. Ra5 Ne6 39. b4 Rc2 40. b5 Rb2 41. a4 Bc3 42. Rf1+ Kxe5 43. Ra6 Nf4 44. Rf3 Bd4 45. a5 Rb1+ 46. Kh2 Rxb5 47. Rf1 Rb2 48. Re1+ Kf5 49. Rg1 Bxg1+ 50. Kxg1 Rxg2+ 51. Kf1 Ra2 52. Ra7 Nxh3 53. Rxf7+ Kg6 54. Ra7 Nf4 55. Ra6+ Kg5 56. Ke1 Nd3+ 57. Kf1 h5 58. Kg1 h4 59. Kh1 h3 60. Kg1 Kh4 61. Rd6 Ne5 62. Rd4+ Kg3 63. Rd1 Nf3+ 64. Kh1 Rh2# 0-1

[Event "BCF-ch U16 blitz"]
[Site "Hull"]
[Date "2024.07.25"]
[Round "1"]
[White "Liu, Jack"]
[Black "Calvert, George"]
[Result "1-0"]
[WhiteElo "1897"]
[BlackElo "1600"]
[PlyCount "72"]
[EventDate "2024.07.25"]
[EventType "swiss (blitz)"]
[EventRounds "9"]
[EventCountry "ENG"]
[SourceTitle "CBM 221 Extra"]
[Source "ChessBase"]
[SourceDate "2024.09.30"]
[SourceVersion "1"]
[SourceVersionDate "2024.09.30"]
[SourceQuality "1"]

1. e4 c5 2. Nf3 Nc6 3. d4 cxd4 4. Nxd4 e6 5. Nc3 Bc5 6. Nb3 Bb6 7. Bd3 Nf6 8. Qe2 0-0 9. Be3 d5 10. exd5 exd5 11. Bxb6 axb6 12. 0-0 Re8 13. Qd2 Bd7 14. a3 Ne5 15. Rfe1 Bc6 16. Nd4 Qc7 17. h3 Rad8 18. Rad1 Nc4 19. Qc1 Re5 20. Rxe5 Nxe5 21. Bf1 Ne4 22. Nxe4 dxe4 23. Nf5 Ng6 24. Rd2 h6 25. Qd1 Rxd2 26. Qxd2 Qe5 27. Nd4 Nf4 28. c3 Qg5 29. Qe3 Bd5 30. c4 Bc6 31. g3 Ng6 32. b4 Qxe3 33. fxe3 Ne5 34. Kf2 Nd3+ 35. Bxd3 exd3 36. Ke1 Be4 1-0